[Event "NED-ch59"]
[Site "Leeuwarden"]
[Date "2004.07.07"]
[Round "7"]
[White "Stellwagen, Daniel"]
[Black "Van Wely, Loek"]
[Result "0-1"]
[WhiteElo "2503"]
[BlackElo "2651"]
[Annotator "Postny,E"]
[PlyCount "114"]
[EventDate "2004.06.30"]
[EventType "tourn"]
[EventRounds "9"]
[EventCountry "NED"]
[EventCategory "12"]
[SourceTitle "CBM 102"]
[Source "ChessBase"]
[SourceDate "2004.09.23"]
[SourceVersion "1"]
[SourceVersionDate "2004.09.23"]
[SourceQuality "1"]

1. e4 c5 2. Nf3 Nc6 3. Bb5 g6 4. O-O Bg7 5. c3 Nf6 6. Re1 O-O 7. h3 ({Other
main line goes with} 7. d4) 7... Qb6 ({Other popular continuations are:} 7...
a6) ({and} 7... e5) 8. Na3 {This is the most popular reply. White does not
want to determine the fate of his light-squared bishop yet.} (8. Bf1 d6 9. Na3
Bd7 10. d3 Rad8 11. Nc4 Qc7 12. Bf4 e5 13. Bh2 Be6 14. Qc2 h6 $11 {1-0
Karjakin,S-Gareev,T/Kuala Lumpur 2002/CBM 89 ext (41)}) ({Also appeared in
practice} 8. Ba4) 8... d5 {The most logical strike in the centre.} (8... d6 9.
d3 e5 10. Be3 a6 11. Nc4 Qc7 12. Bxc6 Qxc6 13. b4 Be6 $13 {0-1 Campora,
D-Yakovich,Y/Santo Antonio 1999/CBM 70 ext (88)}) 9. e5 (9. d3 h6 10. e5 Ne8
11. Be3 Nc7 12. Bxc6 Qxc6 13. Qd2 Kh7 $11 {0-1 Wells,P-Harikrishna,P/Torquay
2002/CBM 91 [Rabinovich,Al] (27)}) 9... Ne8 {[%csl Ge6][%cal Ye8c7,Yc7e6] The
right route for the knight.} 10. d4 (10. d3 Nc7 11. Ba4 Ne6 12. Nc2 d4 13. cxd4
Ncxd4 14. Ncxd4 cxd4 15. Bb3 h6 16. a4 a5 17. Bc4 Nd8 18. b3 Be6 19. Ba3 $14 {
1-0 Smyslov,V-Polgar,Z/Prague 1995/CBM 48 (29)}) 10... cxd4 11. cxd4 Nc7 12.
Bxc6 (12. Bf1 $2 f6 {and white's centre is collapsing.}) 12... bxc6 {Both
recaptures are playable for black. The move in the text is more aggressive,
since black is breaking the pawnstructure's symmetry. The more solid 12...Qxc6
was already played by Van Wely, but without success.} (12... Qxc6 {--> 1-0
Ponomariov,R-Van Wely,L/Plovdiv 2003/CBM 98 [Erenburg] (58)}) 13. Nc2 $146 (13.
b3 Bf5 14. Nc2 Ne6 15. Ba3 Rfe8 16. Bb2 Be4 $132 {1-0 Cordovil,J-Fernandes,A/
Lisbon 2003/CBM 95 ext (45)}) (13. Bg5 Re8 14. Qd2 Ne6 15. Be3 Rb8 16. b3 Qb4
17. Qxb4 Rxb4 18. Rac1 Bd7 $11 {0-1 Perez Perez,F-Szabo,L/Oberhausen 1961/
EU-chT (41)}) 13... f6 {It's obviously logical for the side with the pair of
bishops to open up the position.} 14. exf6 exf6 15. Bf4 Ne6 16. Bd6 {White
correctly transfered the bishop to the diagonal a3-f8, where it controls the
important c5 square.} Rf7 17. Qd2 a5 18. Re2 Qd8 ({After} 18... Qxb2 $6 19. Qe1
$1 {[%csl Rb2,Re6][%cal Gc2b4] black has to sacrifice his queen:} Bf8 20. Nb4
Qxa1 21. Qxa1 Bxd6 $14) 19. Ba3 Nc7 20. Ne3 $2 {The knight has absolutely
nothing to do on e3.} ({Why not} 20. Rae1 {?}) 20... Nb5 21. Bc5 Nd6 {The
knight is heading for e4, so white is practically forced to exchange his
bishop.} 22. Bxd6 Qxd6 23. Ng4 Re7 24. Rxe7 Qxe7 25. Re1 Qd6 26. Qe3 $6 {
This doubling on the "e" file yields white nothing.} ({White should better
admit the mistake and retreat with the knight:} 26. Ne3 $15) 26... Bd7 27. Qe7
$6 {White is consequently realizing the wrong plan. The exchange of queens
favours black because of the following reasons: a] Black's king is more
vulnerable than his counterpart. b] Usually, a queen + knight is a good tandem.
c] It's much easier for black to realize the potential of his bishops in the
endgame.} Qxe7 28. Rxe7 Rd8 29. Re2 Kf7 30. Rc2 Bf8 {Black has serious
advantage in the endgame. The bishops has great potential and much more mobile
than the pair of white's knights.} 31. Ne3 Rb8 32. Kf1 Bd6 33. Ke2 h6 34. Kd3
$6 ({It was better to transfer the knight to a better pastures by} 34. Ne1 {
[%csl Gc5][%cal Ge1d3]}) 34... f5 {Correctly advancing the kingside pawns
grabbing more and more space.} 35. Nd1 (35. Ne5+ $2 Bxe5 36. dxe5 f4 $19 {
[%cal Gd7f5,Gf5c2]}) 35... f4 36. Re2 Bf5+ 37. Kd2 Be4 {White is almost in
zugzwang.} 38. b3 $6 {This move helps black, but it's very hard to give any
good advice for white.} a4 {Opening the second front.} 39. bxa4 Bb4+ 40. Kc1
Ba3+ 41. Kd2 Bb4+ {Gaining some time by the repetition...} 42. Kc1 Ba3+ 43. Kd2
Rb4 44. Kc3 Rb7 45. Ne5+ Kf6 46. f3 Bb4+ 47. Kb2 Bd6+ 48. Kc3 Bb4+ 49. Kb2 Bf5
50. Kc1 (50. Nxc6 Bd6+ {followed by 51...Rc7 winning the knight.}) {[%tqu "En",
"How should black continue?","","","c6c5","Going for the decisive attack.",10]}
50... c5 $1 {Going for the decisive attack.} 51. dxc5 Bxc5 52. Ng4+ Kg5 53. Nb2
Bd4 54. Nf2 Rc7+ 55. Kd1 Be3 {Full domination. white is losing a piece by
force.} 56. Nfd3 (56. Ke1 Rc1+ 57. Nbd1 (57. Nfd1 d4 $19) 57... Bc2 $19 {
[%cal Re3f2]}) 56... Bxd3 57. Nxd3 Rc3 {[%mdl 4128]} 0-1

[Event "RUS-chT 11th"]
[Site "Sochi"]
[Date "2004.04.26"]
[Round "7.6"]
[White "Hasangatin, Ramil"]
[Black "Smirnov, Pavel"]
[Result "0-1"]
[WhiteElo "2503"]
[BlackElo "2601"]
[Annotator "Postny,E"]
[PlyCount "50"]
[EventDate "2004.04.20"]
[EventType "team-tourn"]
[EventRounds "9"]
[EventCountry "RUS"]
[SourceTitle "EXT 2020"]
[Source "ChessBase"]
[SourceDate "2019.10.17"]
[SourceVersion "1"]
[SourceVersionDate "2019.10.17"]
[SourceQuality "1"]
[WhiteTeam "Kazan Ladya"]
[BlackTeam "Tomsk 400"]
[WhiteTeamCountry "RUS"]
[BlackTeamCountry "RUS"]

1. e4 c5 2. Nf3 Nc6 3. Bb5 g6 4. O-O Bg7 5. c3 Nf6 6. Qa4 $5 {This awkward
move has it's point. White wants to prevent the advance of black's "d" pawn by
attacking the Nc6.} ({The main line goes with} 6. Re1) 6... Qb6 {More popular
continuation is 6...0-0.} (6... O-O 7. d4 cxd4 8. cxd4 d6 (8... d5 9. e5 Nd7
10. Bxc6 Nb6 11. Qa5 bxc6 12. b3 {--> 1-0 Totsky,L-Lopushnoy,D/St Petersburg
1997/CBM 62 [Yakovich] (60)}) (8... Nxe4 9. d5 Nc5 10. Qa3 Qb6 11. Nc3 Nd4 12.
Nxd4 Bxd4 13. Bh6 Re8 14. Rad1 $36 {1-0 Totsky,L-Wirig,A/Pardubice 2003/CBM 95
ext (52)}) 9. Bxc6 (9. Nc3 Bd7 10. d5 Nb8 11. Be3 a6 12. Bxd7 Nbxd7 13. Qb3 Qa5
14. Bd4 b5 $11 {0-1 Morozevich,A-Anand,V/Frankfurt 2000/CBM 78 (34)}) 9... bxc6
10. Qxc6 Bg4 11. Nbd2 Qc8 12. Qxc8 Rfxc8 $44 {1/2-1/2 Svidler,P-Gelfand,B/
Rethymnon 2003/CBM 98 [Erenburg] (30)}) 7. Re1 (7. e5 Nd5 8. d4 cxd4 9. cxd4 d6
10. Nc3 Be6 11. exd6 exd6 12. Ne4 O-O 13. Bxc6 Qxc6 14. Qxc6 bxc6 15. Nxd6 Nb4
$11 {1/2-1/2 Wells,P-Shaw,J/Scarborough 2001/CBM 83 ext (20)}) 7... O-O 8. d4 (
8. h3 Rd8 9. Na3 d6 10. Nc4 Qc7 11. Bxc6 bxc6 12. e5 Nd5 13. d4 cxd4 14. Nxd4
dxe5 15. Nf3 f6 $17 {0-1 Totsky,L-Yakovich,Y/Perm 1997/CBM 58 (43)}) 8... cxd4
9. e5 $6 {After this move black seems to get easy equality.} (9. cxd4 d5 10. e5
Ne4 11. Bxc6 bxc6 12. Nbd2 Bf5 13. Nb3 c5 (13... a5 14. Nh4 Be6 15. f3 g5 16.
fxe4 gxh4 17. Bg5 dxe4 18. Bxe7 Rfe8 19. Bc5 $16 {1/2-1/2 Totsky,L-Chuprov,D/
Tula 1999/EXT 2000 (44)}) 14. dxc5 Nxc5 15. Nxc5 Qxc5 16. b3 $14 {1-0 Palac,
M-Atakisi,U/Batumi 1999/CBM 74 (27)}) 9... Nd5 $146 {Of course, the knight
placed much better on d5, than on e8.} (9... Ne8 $6 10. cxd4 Nc7 11. Nc3 Nxb5
12. Qxb5 Qxb5 13. Nxb5 $14 {1/2-1/2 Rosito,J-Aparicio,A/Argentina 1991/EXT 98 
(83)}) 10. cxd4 d6 11. Nc3 $6 (11. Nbd2 $11 {[%cal Gd2b3,Gd2c4]}) 11... Be6 {
Black's position should be prefered already. His pieces are harmoniously
placed, while the white ones on the queenside placed awkwardly.} (11... Nxc3 $6
12. bxc3 Bg4 13. Nd2 $11) 12. Bd2 $6 {Leaving the Pb2 unprotected.} (12. exd6
$6 exd6 13. Bc4 Nc7 $1 $15) (12. Ne4 $5) 12... Rac8 13. Rac1 a6 14. Bxc6 {
White is forced to give his opponent the advantage of bishop's pair.} Rxc6 15.
Qa3 Nxc3 16. bxc3 (16. Rxc3 Rxc3 17. Bxc3 Bd5 {unattractive for white as well.}
) 16... Rfc8 17. exd6 exd6 18. Ng5 Bc4 19. h4 $2 {White is seeking for active
counterplay, but this move is obviously too much. The weakness of white's
kingside will tell very soon...} h6 20. Ne4 d5 21. Nc5 Qd8 $1 {Emphasizing the
main defect of white's careless 19.h4.} 22. Nxb7 $2 ({The least of the evils
for white was} 22. g3 b6 23. Nb3 Bf8 24. Qb2) 22... Qxh4 {Black has now strong
attack besides his clear positional pluses.} 23. g3 Qh3 24. Na5 Rf6 25. Nxc4 {
This loses on the spot, but there was no reasonable alternative anyway.} {
[%tqu "En","Please enter a move for black.","","","f6f5","This little
intermediate move decides the game on the spot. White is defenseless against
the manoeuvre Rf5-Rh5.",0,"f6f5","",0]} Rf5 $1 {[%csl Rg1][%cal Rf5h5] This
little intermediate move decides the game on the spot. White is defenseless
against the manoeuvre Rf5-Rh5.} (25... Rf5 26. Bf4 Rh5 27. f3 Qh1+ 28. Kf2 Rh2+
29. Ke3 Qg2 $19) 0-1

[Event "Sarajevo Bosnia 34th"]
[Site "Sarajevo"]
[Date "2004.05.26"]
[Round "8"]
[White "Shirov, Alexei"]
[Black "Predojevic, Borki"]
[Result "1-0"]
[WhiteElo "2713"]
[BlackElo "2490"]
[Annotator "Postny,E"]
[PlyCount "87"]
[EventDate "2004.05.18"]
[EventType "tourn"]
[EventRounds "9"]
[EventCountry "BIH"]
[EventCategory "15"]
[SourceTitle "CBM 101"]
[Source "ChessBase"]
[SourceDate "2004.07.27"]
[SourceVersion "1"]
[SourceVersionDate "2004.07.27"]
[SourceQuality "1"]

1. e4 {Ftacnik} c5 2. Nf3 Nc6 3. Bb5 g6 4. Bxc6 dxc6 5. d3 Bg7 6. h3 {The
purpose of this move is to restrict the possibilities of Bc8.} Nf6 7. Nc3 Nd7 {
Other main line is 7...0-0.} 8. Be3 e5 9. Qd2 Qe7 ({The alternative is} 9... h6
{preventing the exchange of dark-squared bishops by Be3-h6. The main question
is: which side favours this exchange?}) 10. Bh6 ({Less accurate is} 10. O-O {
--> 1/2-1/2 Anand,V-Ivanchuk,V/Prague 2002/CBM 89/[Postny] (50)}) 10... Bxh6 (
10... f6 11. Bxg7 Qxg7 12. Qe3 b6 (12... Qe7 13. Nd2 Nf8 14. f4 exf4 15. Qxf4
Ne6 16. Qh6 Nd4 17. O-O-O Be6 18. Rhf1 O-O-O 19. Rde1 Rhf8 $11 {1/2-1/2
Nevednichy,V-Spasov,V/Nis 1996/EXT 99 (25)}) 13. a3 a5 14. O-O O-O 15. Nh2 Ra7
16. f4 exf4 17. Qxf4 Ne5 $11 {1/2-1/2 Berzinsh,R-Lanka,Z/Germany 2003/EXT 2004
(33)}) (10... Qf8 $5 11. Bxg7 Qxg7 12. Ne2 b6 13. O-O-O Ba6 14. Qc3 O-O-O 15.
Nd2 Kb8 16. f4 f6 17. g3 $14 {0-1 Degraeve,J-Tregubov,P/Belfort 2002/CBM 90 
(60)}) 11. Qxh6 f6 12. Nh4 $5 {This somewhat weird move gained popularity
recently.} (12. Nd2 Nf8 13. f4 exf4 14. Qxf4 Ne6 (14... Be6 15. O-O Nd7 16.
Rae1 O-O 17. Nd5 Qf7 18. Nc7 Rad8 19. Qd6 Bxa2 20. b3 Ne5 21. Qe6 Kg7 22. Qxf7+
Kxf7 23. Ra1 Rc8 24. Na6 Bxb3 25. Nxb3 bxa6 26. Nxc5 $16 {1-0 Rublevsky,
S-Georgiev,K/Panormo 2001/CBM 84 ext (48)}) 15. Qe3 Nd4 16. Rc1 Be6 17. Nd1
O-O-O 18. O-O Rhe8 $132 {0-1 Bologan,V-Filippov,V/Togliatti 2003/CBM 94 ext 
(40)}) (12. Nh2 Nf8 13. f4 exf4 14. Qxf4 Ne6 15. Qd2 Nd4 16. O-O O-O 17. Nd1
Bd7 18. Ne3 b6 $11 {0-1 Bologan,V-Damljanovic,B/Igalo 1994/EXT 2000 (40)})
12... Nf8 {It's probably more accurate to drive away white's queen from it's
active position by 12...Qf8.} (12... Qf8 13. Qd2 Qe7 14. O-O-O Nf8 (14... f5 $6
15. g3 f4 16. Ng2 $14 {1-0 Ivanchuk,V-Filippov,V/Chalkidiki 2002/CBM 92 
[Rabinovich,Al] (41)}) 15. Qh6 Be6 16. g3 O-O-O 17. f4 Nd7 18. f5 Bf7 19. fxg6
hxg6 20. Nxg6 Bxg6 21. Qxg6 Rdg8 22. Qf5 Rxg3 $11 {1/2-1/2 Nisipeanu,
L-Filippov,V/Istanbul 2003/CBM 96 (53)}) 13. O-O $1 {Other possible plan
connected with long castling, but the move in the text is more conrete and
troublesome for black.} (13. O-O-O Bd7 14. Rhf1 Qf7 15. f4 exf4 16. Rxf4 Ne6
17. Rf2 Qf8 18. Qe3 Qe7 19. Rdf1 Rf8 20. g4 Nd4 21. Nf3 $14 {1/2-1/2
Yandemirov,V-Okrugin,S/Tula 2003/EXT 2004 (60)}) 13... Be6 $6 $146 (13... Qf7
14. f4 exf4 15. Rxf4 Nd7 16. e5 (16. Nf3 $16 {Ftacnik}) 16... Qf8 17. Qxf8+
Rxf8 18. exf6 g5 19. Re4+ Kd8 20. Nf3 Nxf6 21. Re5 $16 {1/2-1/2 Sulskis,
S-Estremera Panos,S/Lisbon 2001/ (75)}) ({Comes to consideration} 13... Bd7 14.
f4 O-O-O) 14. f4 {White is threatening f4-f5, as a result of black's previous
inaccuracy, so black is forced to take on f4. Ftacnik: 'Due to the advance
f2-f4 white in this variation gets the unpleasant pressure along the f file.'}
exf4 15. Rae1 $1 {Threatening 16.Nf5, so black's reply is practically forced.}
O-O-O 16. Qxf4 c4 {Trying to get rid from the double pawns.} (16... g5 $2 17.
Nf5 $16) (16... Nd7 $2 17. Nf5) 17. d4 ({After} 17. Qxf6 Qxf6 18. Rxf6 cxd3 19.
cxd3 Rxd3 20. Nf3 Rd8 {white does not achieve much.}) 17... g5 (17... Rxd4 $6
18. Qf2 $16 {[%cal Gf2a7]}) 18. Nf5 Qd7 (18... gxf4 {Ftacnik} 19. Nxe7+ Kd7 20.
Nf5 Ng6 21. Ne2 $16) 19. Qe3 Bxf5 20. Rxf5 Qxd4 21. Qxd4 Rxd4 22. Rxf6 {
White has clear advantage in the endgame thanks to strong passed "e" pawn and
good pieces coordination. Ftacnik: 'Shirov has managed to retain the better
pawn structure with advance d3-d4, Predojevic has to work hard for a draw.'}
Nd7 23. Rf5 Re8 24. e5 (24. Rxg5 $6 Rd2 $132) 24... g4 $2 {Black's position is
very difficult, but this move is losing by force.} (24... h6 $2 25. e6 Nf8 26.
Ne4 $1 Nxe6 27. Nf6 Re7 28. Rfe5 Rd6 29. Ne4 Rd5 30. Rxd5 cxd5 31. Nc5 $18) (
24... Nc5 25. Rxg5 Rd2 26. Re2 Rxe2 27. Nxe2 Nd7 28. Rg7 $16) 25. e6 Nf8 {
[%tqu "En","How should white continue?","","","c3e4","",12]} 26. Ne4 $1 {
Ftacnik: 'Even in seemingly simple positions without many pieces impressive
tactical ideas are still possible. Shirov can create miracles even with
reduced material.'} gxh3 (26... Nxe6 27. Nf6 Re7 28. Rfe5 Rd6 29. Ne4 Rd5 30.
Rxd5 cxd5 31. Nc5 $18) 27. c3 $1 {[%mdl 2048] The importance of this
intermediate move will become clear later.} ({Much worse is the immediate} 27.
Rxf8 $2 Rxf8 28. e7 Rg8 29. Nf6 Rxg2+ 30. Kh1 (30. Kf1 $4 Rf4#) 30... Rd8 31.
exd8=Q+ Kxd8 {with sufficient counterplay.}) 27... Rd3 {[%tqu "En","Find the
winning combination.","","","f5f8","",10]} 28. Rxf8 $1 Rxf8 29. e7 Rg8 30. g4
$1 $18 {This move would not be possible without the introductory 27.c3.} Rf3 (
30... Rxg4+ 31. Kh1 Rg8 32. Nf6 {is hopeless for black as well.}) 31. Nd6+ Kd7
32. e8=Q+ Rxe8 33. Nxe8 Rf8 (33... Rf7 {[%csl Re8]} 34. g5 $18 {[%cal Ge8f6]})
34. Ng7 Rg8 35. Rd1+ Kc8 36. Ne6 Rxg4+ 37. Kh2 {White wins easily thanks to
outstanding coordination between his pieces.} b6 38. Kxh3 Re4 39. Rd8+ Kb7 40.
Rd7+ Ka6 41. Nd4 Re3+ 42. Kg4 h5+ 43. Kf4 Rd3 44. Nxc6 1-0

[Event "EU-ch 4th"]
[Site "Istanbul"]
[Date "2003.06.06"]
[Round "7"]
[White "McShane, Luke J"]
[Black "Van Wely, Loek"]
[Result "0-1"]
[WhiteElo "2592"]
[BlackElo "2675"]
[Annotator "Postny,E"]
[PlyCount "90"]
[EventDate "2003.05.30"]
[EventType "swiss"]
[EventRounds "13"]
[EventCountry "TUR"]
[SourceTitle "CBM 096"]
[Source "ChessBase"]
[SourceDate "2003.09.25"]
[SourceVersion "1"]
[SourceVersionDate "2003.09.25"]
[SourceQuality "1"]

1. e4 c5 2. Nf3 Nc6 3. Bb5 g6 4. O-O Bg7 5. c3 Nf6 (5... e5 {is another common
theoretical move.}) 6. Re1 O-O 7. d4 d5 8. e5 Ne4 9. Bxc6 ({Another
possibility is} 9. Nbd2) 9... bxc6 10. Nbd2 cxd4 11. cxd4 c5 (11... Bf5 {
- see the game Ardeleanu,A-Grigore,G/Iasi 1999/CBM 75 [Gershon]}) 12. dxc5 (12.
Nxe4 $6 dxe4 13. Rxe4 Bb7 14. Rh4 cxd4 15. Bh6 Bxh6 16. Rxh6 d3 $15 {[%csl Gd3]
0-1 Hoekstra,M-Shibut,M/Washington 2000/EXT 2002 (50)}) 12... Nxc5 13. Nb3 Nxb3
(13... Ne4 14. Be3 a5 15. Rc1 a4 16. Nbd4 Bd7 17. Re2 Rc8 18. Rec2 $14 {
1-0 Batsanin,D-Eltsov,R/Novokuznetsk 2001/CBM 85 ext (34)}) 14. Qxb3 d4 {
Black is opening diagonals for his light-squared bishop.} (14... Bg4 15. Nd4
Qd7 (15... Qb6 16. Qxb6 axb6 17. b3 Bd7 18. a4 Rfc8 19. Bb2 $14 {0-1 Neulinger,
M-Horvath,P/Finkenstein 1999/EXT 2002 (58)}) (15... Rb8 16. Qg3 Bd7 17. b3 Qa5
18. Bg5 Rfe8 19. Qh4 f6 20. Bh6 $36 {1-0 Rozentalis,E-Schoen,W/Groningen 1995/
CBM 50 ext (47)}) 16. Qg3 Rab8 17. b3 Rb6 18. Bg5 h6 19. Bxe7 Qxe7 20. Qxg4
Bxe5 21. Nf5 Qe6 22. Nxh6+ Kh7 23. Qh4 Bxa1 24. Ng4+ {1/2-1/2 Belkhodja,
S-Ikonnikov,V/Paris 1992/EXT 97 (24)}) (14... Re8 {- see the game Ardeleanu,
A-Rogozenko,D/Iasi 1999/CBM 75 [Gershon]}) (14... a5 15. Nd4 Qd7 16. Bd2 e6 17.
a4 Ba6 18. Qg3 Rfb8 19. b3 Bf8 20. Rec1 $14 {0-1 Pedzich,D-Oral,T/Loewenstein
1997/CBM 58 ext (36)}) 15. Qb4 $6 $146 (15. Rd1 Be6 16. Qa3 Qb6 17. Nxd4 Bxe5
18. Be3 Rfd8 19. Nxe6 Qxe6 $11 {1/2-1/2 Volzhin,A-Motylev,A/Dubai 2002/CBM 87
ext (26)}) (15. Qd3 Bb7 16. Qxd4 Qxd4 17. Nxd4 Rfd8 18. Nf3 Rd3 19. Bg5 e6 20.
Rad1 Rxd1 21. Rxd1 Bxf3 22. gxf3 Bxe5 $11 {1/2-1/2 Grischuk,A-Leko,P/Dubai
2002/CBM 89 (29)}) (15. Bg5 h6 16. Bh4 g5 17. Bg3 Bf5 18. Rad1 d3 19. e6 f6 20.
Rd2 $14 {0-1 Kveinys,A-Degraeve,J/Bled 2002/EXT 2003 (55)}) 15... d3 16. Bg5 {
[%csl Re7]} Re8 17. Rad1 h6 18. Bh4 $6 {White wants to keep the pressure on e7,
but the bishop on h4 is actually in offside.} (18. Be3 Qd5 $15) 18... a5 19.
Qb3 {The queen on b3 is vulnerable.} (19. Qa3 $142 Bf5 $15) 19... Bf5 20. Bg3
Rb8 21. Qa3 e6 22. Nh4 {After this move white's position seems to be beyond
saving.} (22. b3 $142 $17) 22... Bf8 23. Qa4 Rb4 (23... Rxb2 24. Nxf5 exf5 25.
Rxd3 $2 Qxd3 26. Qxe8 Rb1 $19) 24. Qc6 Bg4 25. f3 (25. Rxd3 Qxd3 26. Qxe8 Rxb2
$19) 25... Bh5 26. Bf2 (26. Rxd3 Qxd3 27. Qxe8 Rxb2 $19) 26... Rxb2 27. Re4 (
27. g4 $2 Rxf2 28. Kxf2 Qxh4+ 29. Kg1 Rb8 $19) (27. Rxd3 $2 Qxd3 28. Qxe8 Qc2
29. Rf1 Kg7 $19 {[%cal Rf8c5]}) 27... Qc8 $1 $19 {The simplest way to a win.}
28. Qxc8 Rxc8 29. g4 g5 $1 30. gxh5 gxh4 {White is defenseless against the
following invasion to c2.} 31. Rxd3 Rc1+ 32. Re1 Rcc2 {[%csl Gb2,Gc2]} 33. Bd4
Rxa2 {Black is a pawn up and his rooks are making a devastation in white's
camp.} 34. h3 Rg2+ 35. Kf1 Rh2 36. Rc1 Rxh3 37. Rc8 Kg7 ({It's not too late to
spoil everything!} 37... Rh1+ $2 38. Bg1 Ra1+ 39. Kf2 Rhxg1 40. Rdd8) 38. Bg1
Be7 {Preventing white's last chance of Rdd8.} 39. Rc7 Bg5 40. Rb7 Bf4 41. Rb5
Rh1 42. Rb7 Ra1+ (42... Bg3) ({or} 42... Bh2 {was leading to a quick mate.})
43. Kf2 Rhxg1 44. Rdd7 Bg3+ 45. Ke2 Rge1+ 0-1